[Event "Warsaw YMCA Spring-A 183rd"]
[Site "Warsaw"]
[Date "2017.05.19"]
[Round "8"]
[White "Tychulski, Krzysztof"]
[Black "Omar, Mohamed"]
[Result "0-1"]
[WhiteElo "1899"]
[BlackElo "1764"]
[PlyCount "112"]
[EventDate "2017.04.06"]
[EventType "tourn"]
[EventRounds "13"]
[EventCountry "POL"]
[SourceTitle "EXT 2018"]
[Source "ChessBase"]
[SourceDate "2017.10.13"]
[SourceVersion "1"]
[SourceVersionDate "2017.10.13"]
[SourceQuality "1"]

1. d4 d5 2. c4 e6 3. Nf3 Nf6 4. Nc3 Be7 5. Bf4 a6 6. e3 0-0 7. Qc2 Nbd7 8. cxd5 exd5 9. Bd3 Re8 10. 0-0 Nf8 11. Rab1 Nh5 12. Be5 f6 13. Bg3 Nxg3 14. fxg3 c6 15. Kh1 Be6 16. Rfe1 Bf7 17. b4 Bg6 18. Bxg6 Nxg6 19. e4 dxe4 20. Rxe4 Qd7 21. Qb3+ Kf8 22. Rbe1 Bd6 23. a3 Qf7 24. Qxf7+ Kxf7 25. Kg1 Rxe4 26. Nxe4 Bf8 27. Nfd2 a5 28. Nc4 axb4 29. Ned6+ Kg8 30. axb4 b5 31. Nb6 Rd8 32. Nf5 Bxb4 33. Rc1 Ne7 34. Nxe7+ Bxe7 35. Rxc6 Rxd4 36. Nc8 Bd8 37. Na7 Rd5 38. Rc8 Kf7 39. Kf1 Bb6 40. Rb8 Bxa7 41. Rb7+ Ke6 42. Rxa7 Rd7 43. Ra1 Kd5 44. Rd1+ Kc6 45. Rc1+ Kb6 46. Ke2 b4 47. Rc4 Kb5 48. Rc8 b3 49. Rb8+ Kc4 50. Rc8+ Kb4 51. Rb8+ Kc3 52. Rc8+ Kb2 53. Rb8 Kc2 54. Rc8+ Kb1 55. Rc3 b2 56. Rc6 Ra7 0-1

[Event "Warsaw YMCA Spring-A 183rd"]
[Site "Warsaw"]
[Date "2017.04.27"]
[Round "4"]
[White "Tychulski, Krzysztof"]
[Black "Pesko, Tomasz"]
[Result "0-1"]
[WhiteElo "1899"]
[BlackElo "1802"]
[PlyCount "105"]
[EventDate "2017.04.06"]
[EventType "tourn"]
[EventRounds "13"]
[EventCountry "POL"]
[SourceTitle "EXT 2018"]
[Source "ChessBase"]
[SourceDate "2017.10.13"]
[SourceVersion "1"]
[SourceVersionDate "2017.10.13"]
[SourceQuality "1"]

1. d4 g6 2. c4 Bg7 3. Nc3 Nf6 4. e4 d6 5. Nf3 0-0 6. Be2 c6 7. 0-0 Nbd7 8. e5 Ne8 9. Bf4 Nb6 10. Qb3 Nc7 11. exd6 exd6 12. Bxd6 Qxd6 13. c5 Be6 14. cxd6 Bxb3 15. dxc7 Be6 16. Rac1 Bh6 17. Rcd1 Rac8 18. b3 Rxc7 19. g3 Rd8 20. Ne5 f6 21. Ng4 Bg7 22. Ne3 Rcd7 23. Ne4 Rxd4 24. Nc5 Bc8 25. a3 Bf8 26. b4 Bxc5 27. bxc5 Rxd1 28. Rxd1 Rxd1+ 29. Bxd1 Nd7 30. Bb3+ Kf8 31. Be6 Ke7 32. Bxd7 Bxd7 33. Kf1 b6 34. cxb6 axb6 35. Ke2 Kd6 36. Kd3 b5 37. f4 Bf5+ 38. Kd2 Be4 39. Kc3 c5 40. Kd2 b4 41. axb4 cxb4 42. Ng4 f5 43. Nf6 Kc5 44. Nd7+ Kd4 45. Nb6 Bc6 46. Kc2 Kc5 47. Nc8 Ba4+ 48. Kb2 Kd4 49. Nb6 Bd1 50. Kc1 Bf3 51. Nd7 Kc3 52. Nb6 Bc6 53. h3 0-1

[Event "Warsaw YMCA Spring-A 167th"]
[Site "Warsaw"]
[Date "2016.06.23"]
[Round "12"]
[White "Tychulski, Krzysztof"]
[Black "Kasperkiewicz, Pawel"]
[Result "1/2-1/2"]
[WhiteElo "1887"]
[BlackElo "1923"]
[PlyCount "43"]
[EventDate "2016.04.08"]
[EventType "tourn"]
[EventRounds "13"]
[EventCountry "POL"]
[SourceTitle "EXT 2017"]
[Source "ChessBase"]
[SourceDate "2016.10.25"]
[SourceVersion "1"]
[SourceVersionDate "2016.10.25"]
[SourceQuality "1"]

1. e4 e6 2. d4 d5 3. Nc3 Nf6 4. e5 Nfd7 5. f4 c5 6. Nf3 Nc6 7. Be3 cxd4 8. Nxd4 Bc5 9. Qd2 Nxd4 10. Bxd4 Bxd4 11. Qxd4 Qb6 12. Qxb6 Nxb6 13. Nb5 Ke7 14. Bd3 Bd7 15. Nd4 Na4 16. b3 Nc5 17. Kd2 h6 18. h4 h5 19. Rhe1 g6 20. Rac1 Rhd8 21. a3 Rac8 22. Re2 1/2-1/2

[Event "Warsaw YMCA Spring-A 167th"]
[Site "Warsaw"]
[Date "2016.05.20"]
[Round "7"]
[White "Tychulski, Krzysztof"]
[Black "Choroszej, Aleksander"]
[Result "1/2-1/2"]
[WhiteElo "1887"]
[BlackElo "1959"]
[PlyCount "72"]
[EventDate "2016.04.08"]
[EventType "tourn"]
[EventRounds "13"]
[EventCountry "POL"]
[SourceTitle "EXT 2017"]
[Source "ChessBase"]
[SourceDate "2016.10.25"]
[SourceVersion "1"]
[SourceVersionDate "2016.10.25"]
[SourceQuality "1"]

1. e4 g6 2. d4 Bg7 3. Nc3 d6 4. Nf3 a6 5. a4 b6 6. Bc4 e6 7. 0-0 Ne7 8. Re1 0-0 9. Bg5 h6 10. Bh4 Nd7 11. Qd2 Bb7 12. Rad1 Kh7 13. Bg3 Nf6 14. Qe2 Nh5 15. Bb3 Nxg3 16. hxg3 Nc6 17. Ba2 Qe7 18. Nb1 Nb4 19. Bb3 c5 20. c3 Nc6 21. dxc5 dxc5 22. Na3 Rad8 23. Bc2 Rxd1 24. Rxd1 Rd8 25. Rxd8 Qxd8 26. Bd3 a5 27. Nc2 Qc7 28. Ne3 Ne7 29. Qc2 Bc6 30. Qb3 Nc8 31. Nc4 Bf6 32. Bc2 Bd8 33. Nce5 Be8 34. Qc4 Ne7 35. Qe2 Nc6 36. Nxc6 Bxc6 1/2-1/2

[Event "Warsaw YMCA Winter-C 165th"]
[Site "Warsaw"]
[Date "2016.03.09"]
[Round "10"]
[White "Sieczkowski, Adam"]
[Black "Tychulski, Krzysztof"]
[Result "1/2-1/2"]
[WhiteElo "1536"]
[BlackElo "1679"]
[PlyCount "49"]
[EventDate "2016.01.06"]
[EventType "tourn"]
[EventRounds "13"]
[EventCountry "POL"]
[SourceTitle "EXT 2019"]
[Source "ChessBase"]
[SourceDate "2018.10.10"]
[SourceVersion "1"]
[SourceVersionDate "2018.10.10"]
[SourceQuality "1"]

1. Nf3 d5 2. g3 c5 3. Bg2 Nc6 4. d4 Nf6 5. 0-0 e6 6. c4 dxc4 7. Qa4 Bd7 8. Qxc4 cxd4 9. Nxd4 Rc8 10. Nc3 Nxd4 11. Qxd4 Bc5 12. Qd3 Qb6 13. Bg5 Be7 14. Bxf6 Bxf6 15. Ne4 Be7 16. Rfd1 Bb5 17. Nd6+ Bxd6 18. Qxd6 Qxd6 19. Rxd6 Ke7 20. Rd2 Rhd8 21. Rad1 b6 22. Bf3 Rxd2 23. Rxd2 Rc1+ 24. Kg2 Bc6 25. b3 1/2-1/2

[Event "Warsaw YMCA Winter-C 165th"]
[Site "Warsaw"]
[Date "2016.03.02"]
[Round "9"]
[White "Tychulski, Krzysztof"]
[Black "Wrabel, Antoni"]
[Result "1/2-1/2"]
[WhiteElo "1679"]
[BlackElo "1693"]
[PlyCount "40"]
[EventDate "2016.01.06"]
[EventType "tourn"]
[EventRounds "13"]
[EventCountry "POL"]
[SourceTitle "EXT 2019"]
[Source "ChessBase"]
[SourceDate "2018.10.10"]
[SourceVersion "1"]
[SourceVersionDate "2018.10.10"]
[SourceQuality "1"]

1. d4 Nf6 2. c4 c5 3. d5 e6 4. Nc3 exd5 5. cxd5 d6 6. e4 g6 7. Nf3 Bg7 8. Be2 0-0 9. 0-0 a6 10. a4 Re8 11. Qc2 Bg4 12. h3 Bxf3 13. Bxf3 Nbd7 14. Bd2 Rb8 15. a5 h6 16. Rfe1 Nh7 17. Be2 g5 18. Ra2 Nhf8 19. Bf1 Ne5 20. Nd1 g4 1/2-1/2

[Event "Warsaw YMCA Winter-C 165th"]
[Site "Warsaw"]
[Date "2016.02.05"]
[Round "5"]
[White "Tychulski, Krzysztof"]
[Black "Jasinowicz, Waclaw"]
[Result "1-0"]
[WhiteElo "1679"]
[BlackElo "1694"]
[PlyCount "73"]
[EventDate "2016.01.06"]
[EventType "tourn"]
[EventRounds "13"]
[EventCountry "POL"]
[SourceTitle "EXT 2019"]
[Source "ChessBase"]
[SourceDate "2018.10.10"]
[SourceVersion "1"]
[SourceVersionDate "2018.10.10"]
[SourceQuality "1"]

1. d4 Nf6 2. c4 c5 3. d5 e6 4. Nc3 exd5 5. cxd5 d6 6. e4 a6 7. a4 Be7 8. h3 Nbd7 9. Nf3 0-0 10. Bd3 Re8 11. 0-0 Bf8 12. Re1 Ne5 13. Nxe5 Rxe5 14. Bf4 Re8 15. Qc2 Nh5 16. Bh2 Qg5 17. Kh1 Nf4 18. Bf1 Ng6 19. a5 Bd7 20. f4 Qh6 21. Qf2 f6 22. Na4 Bb5 23. Nb6 Rad8 24. Rab1 Bxf1 25. Qxf1 Ne7 26. b4 f5 27. e5 dxe5 28. fxe5 Nxd5 29. Qc4 Qc6 30. Red1 cxb4 31. Qb3 Qc3 32. Rxd5 Qxb3 33. Rxb3 Rxd5 34. Nxd5 Rd8 35. Rd3 b3 36. Nf6+ gxf6 37. Rxd8 1-0

[Event "Warsaw YMCA Winter-C 165th"]
[Site "Warsaw"]
[Date "2016.01.15"]
[Round "2"]
[White "Krzyzanowski, Antoni"]
[Black "Tychulski, Krzysztof"]
[Result "0-1"]
[WhiteElo "1574"]
[BlackElo "1679"]
[PlyCount "124"]
[EventDate "2016.01.06"]
[EventType "tourn"]
[EventRounds "13"]
[EventCountry "POL"]
[SourceTitle "EXT 2019"]
[Source "ChessBase"]
[SourceDate "2018.10.10"]
[SourceVersion "1"]
[SourceVersionDate "2018.10.10"]
[SourceQuality "1"]

1. e4 c5 2. Nf3 e6 3. d3 Nc6 4. Nbd2 g6 5. g3 Bg7 6. Bg2 Nge7 7. 0-0 0-0 8. c3 b6 9. Re1 Rb8 10. Nf1 d6 11. h4 e5 12. N3h2 d5 13. Qc2 d4 14. c4 Qd6 15. f4 Be6 16. Nf3 Rfc8 17. N1h2 f6 18. Rf1 b5 19. b3 bxc4 20. bxc4 Rb7 21. fxe5 Nxe5 22. Nxe5 fxe5 23. Nf3 h6 24. Rf2 Rcb8 25. Kh2 Kh7 26. Bh3 Qd7 27. Bxe6 Qxe6 28. Kg2 Ng8 29. Nh2 Nf6 30. Ba3 Qc6 31. Raf1 h5 32. Bc1 Qe6 33. Qd2 Ng8 34. Nf3 Kh8 35. Ng5 Qg4 36. Rf7 Rxf7 37. Rxf7 Nf6 38. Rxa7 Kg8 39. Nf7 Rb1 40. Nxe5 Qe6 41. Nxg6 Ng4 42. Nf4 Ne3+ 43. Kf2 Qg4 44. a4 Bh6 45. Qe2 Rxc1 46. Qxg4+ Nxg4+ 47. Ke2 Rc2+ 48. Kd1 Ne3+ 49. Ke1 Bxf4 50. gxf4 Ng2+ 51. Kf1 Nxf4 52. a5 Nxd3 53. a6 Nb4 54. e5 d3 55. Ke1 d2+ 56. Kd1 Ra2 57. Ra8+ Kf7 58. a7 Nd3 59. e6+ Ke7 60. Rh8 Nf2+ 61. Ke2 d1Q+ 62. Ke3 Qd4+ 0-1

[Event "Warsaw YMCA Winter-C 165th"]
[Site "Warsaw"]
[Date "2016.01.06"]
[Round "1"]
[White "Kwiek, Janusz"]
[Black "Tychulski, Krzysztof"]
[Result "0-1"]
[WhiteElo "1636"]
[BlackElo "1679"]
[PlyCount "66"]
[EventDate "2016.01.06"]
[EventType "tourn"]
[EventRounds "13"]
[EventCountry "POL"]
[SourceTitle "EXT 2019"]
[Source "ChessBase"]
[SourceDate "2018.10.10"]
[SourceVersion "1"]
[SourceVersionDate "2018.10.10"]
[SourceQuality "1"]

1. Nf3 Nf6 2. g3 d5 3. d4 e6 4. Bg2 c5 5. 0-0 Nc6 6. e3 Bd7 7. b3 Rc8 8. Bb2 cxd4 9. exd4 Be7 10. Nbd2 0-0 11. c4 dxc4 12. bxc4 Qa5 13. Nb3 Qa6 14. Ne5 Rfd8 15. Nxd7 Rxd7 16. Qe2 Na5 17. Nxa5 Qxa5 18. Rfc1 Ba3 19. Bxa3 Qxa3 20. Rd1 Qa6 21. Bf1 Rcd8 22. Qb2 Qa4 23. Rab1 b6 24. c5 Rxd4 25. Rxd4 Qxd4 26. Qxd4 Rxd4 27. cxb6 axb6 28. Rxb6 g5 29. Rb1 g4 30. Bb5 Ne4 31. Rb2 Nd2 32. Kg2 Nf3 33. Re2 Rd1 0-1